000 00409 a2200121 4500
001 ART_12131
005 20260410161903.0
008 260409a
245 1 0 _aEconometric analysis of residential time-of use electricity pricing experiments
100 1 _aChristensen, Laurits R.
700 1 _aCaves, Douglas W.
773 0 _tJournal of econometrics
_g- Vol. 14, NÂș 3 (dic. 1980)
_wREV11720
999 _c26115
_d26115